00479nam a2200169Ia 4500003000900000008004100009020001600050040001600066080001600082100002200098245006200120260002600182300001300208490003000221650004100251650001700292IN-BaIIA211028s9999 xx 000 0 eng d a471-83990-6 cIIA Library a521.03bSWI aSwihart, Thomas L 0aAstrophysics and stellar astronomycThomas L. Swihart  aNew YorkbWileyc1968 ax, 299p. aSpace science text series aAstronomy and astrophysics thesaurus aAstrophysics